000 00786nam a22002777a 4500
001 BR2013002896
003 BR-BrBNA
005 20230928104156.0
007 ta
008 230509b bl.||||| |||| 00| 0 por d
040 _aBR-BrBNA
_bpor
_cBiblioteca Nacional de Agricultura
041 _a(Por)
072 _aQ52
_b8954
090 _ 8954 BR2013002896
100 1 _aBonetto, J.E.C.
110 1 _aFundação Apinco de Ciência e Tecnologia Avícolas, Campinas, SP (Brasil)
_95081
245 1 _aMicroscopia de ingredientes e rações
260 3 _aCampinas, SP (Brasil):
_c[np](Brazil).
300 _a52 p.
650 _aAVICULTURA
650 _aMICROSCOPIA
650 _aINSTALAÇÃO AGRÍCOLA
650 _aMANEJO
909 _a202309
_bLucia
_c55
_dLucia Elande
942 _cBK
999 _c78521
_d78521